Brief calculus : a graphing calculator approach

Αποθηκεύτηκε σε:
Λεπτομέρειες βιβλιογραφικής εγγραφής
Κύριος συγγραφέας: Wheeler, Ruric E. 1923-
Άλλοι συγγραφείς: Neal, Karla, Hofmann, Roseanne Salvatore
Μορφή: Βιβλίο
Γλώσσα:English
Δημοσίευση: New York : John Wiley & Sons, c1996
Θέματα:
Ετικέτες: Προσθήκη ετικέτας
Δεν υπάρχουν, Καταχωρήστε ετικέτα πρώτοι!

MARC

LEADER 00000nam a2200000 i 4500
001 1/49636
008 980723s1996 eng d
020 |a 0-471-05721-5 
035 |l 10043661 
040 |a GR-MY-UA  |b gre  |e aacr 
041 0 |a eng 
082 0 |a 515 
100 1 |a Wheeler, Ruric E.  |d 1923- 
245 1 0 |a Brief calculus :  |b a graphing calculator approach /  |c Ruric Wheeler, Karla Neal, Roseanne Hofmann 
260 |a New York :   |b John Wiley & Sons,   |c c1996 
300 |a 1 v. (various pagings);  |b ill. (some col.);  |c 24 cm. 
500 |a Includes index 
650 0 0 |a Calculus  |x Data processing. 
650 0 0 |a Graphic calculators. 
700 1 |a Neal, Karla. 
700 1 |a Hofmann, Roseanne Salvatore. 
852 |a INST  |b SAMOS  |e 19980723  |h 515 WHE  |p 005300010893  |q 005300010893  |t BK  |y 0 
901 |a BIBL-1998-2 
909 |a Σ  |b 057543 
922 |a 3ΕΛΗ  |b 199807  |c ΔΩΡ  |d JOHN WILEY